000 00295nam a22001337a 4500
008 170502b xxu||||| |||| 00| 0 eng d
020 _a9780028657509
041 _aeng
080 _a34
100 _a14
101 _aSHJ
245 _aMAJOR ACTS OF CONGRESS
_cLANDSBERG, B.K
942 _2udc
_cBK
999 _c12405
_d12405